| 000 | 00420nam a2200157Ia 4500 | ||
|---|---|---|---|
| 008 | 230917s9999||||xx |||||||||||||| ||und|| | ||
| 040 |
_e51012 _aMAIN |
||
| 041 | _aEnglish | ||
| 082 | _a820.9 S48C | ||
| 100 | _aSampson, George | ||
| 245 | 0 | _aConcise of Cambridge history of English literature | |
| 250 | _a2nd ed. | ||
| 260 |
_aCambridge _bCambridge University Press _c1965 |
||
| 300 | _axiv, 1071 p. | ||
| 942 | _cBK | ||
| 999 |
_c186743 _d186743 |
||